000 00449nab a2200145Ia 4500
003 ES-SlBCS
005 20210601125218.0
008 140529s1974 xxu||||| |||| 00| 0 eng d
041 _aeng
100 1 _aLeiber, Justin
_9155419
245 0 0 _aPhilosophical Aspects of Recent Works in Linguistics
_c Justin Leiber
650 0 4 _aLingüística
_9107043
773 0 _tPhilosophical Forum (The)
_gvol. 6, nº. 4, 1974, págs. 343-365
_wRev833
942 _cAR
999 _c526591
_d526591